إليك أعود ... : (Record no. 29670)
[ view plain ]
| 000 -الفاتح | |
|---|---|
| حقل البيانات ثابتة الطول | 00819nam a22002417a 4500 |
| 003 - محدد رقم الضبط | |
| رقم الضبط | EG-ScBUE |
| 005 - وقت وتاريخ اخر تعامل مع التسجيلة | |
| رقم الضبط | 20211117104047.0 |
| 008 - عناصر البيانات ثابتة الطول - معلومات عامة | |
| حقل البيانات ثابتة الطول | 211117s202u sz f 000 p ara d |
| 040 ## - مصدر الفهرسة | |
| وكالة الفهرسة الأصلية | EG-ScBUE |
| لغة الفهرسة | ara |
| قواعد الوصف | rda |
| وكالة النسخ | EG-ScBUE |
| وكالة التعديل | EG-ScBUE |
| 082 04 - رقم تصنيف ديوى العشرى | |
| رقم التصنيف | 892.716 |
| رقم المادة | ح ل م |
| رقم الطبعة | 22 |
| 100 1# - المدخل الرئيسى - إسم شخصى | |
| الإسم الشخصى | حلمي، ضياء، |
| الدور | مؤلف. |
| 245 10 - بيان العنوان | |
| العنوان | إليك أعود ... : |
| بقية العنوان | شعر / |
| بيان المسئوليه,etc | ضياء حلمي. |
| 264 #1 - النشر، التوزيع | |
| مكان الناشر او الموزع | Vaud, Switzerland |
| اسم الناشر او الموزع | Grand Event, |
| تاريخ النشر أو التوزيع | [202-؟] |
| 300 ## - الوصف المادى | |
| التعداد | 80 صفحة ؛ |
| أبعاد الوعاء | 18 سم |
| 336 ## - نوع المحتوى | |
| source | rdacontent |
| Carrier Type Term | نص |
| Content Type Code | txt |
| 337 ## - نوع الوسيط | |
| source | rdamedia |
| Media Type Term | بدون وسيط |
| Media Type Code | n |
| 338 ## - نوع الحامل أو الناقل | |
| source | rdacarrier |
| Carrier Type Term | مجلد |
| Carrier Type Code | nc |
| 541 ## - تبصرة المصدر المباشر للتزويد | |
| طريقة التزويد | إهداء ؛ |
| مصدر التزويد | ضياء حلمي. |
| 650 #7 - المدخل الاضافى بالموضوع-مصطلح موضوعى | |
| مصطلح موضوعي أو اسم جغرافي كعنصر مدخل | الشعر العربي |
| التقسيم الفرعي العام | دواوين وقصائد. |
| مصدر الرأس أو المصطلح | BUEsh |
| 653 ## - مصطلح تكشيفى غير مقيد | |
| Resource For college | Arabic Literature |
| Arrived date list | November2021 |
| 655 ## - مصطلح تكشيفى-نوع/شكل | |
| التقسيم الفرعي الشكلي | Reading book |
| -- | 34232 |
| 942 ## - عناصر المدخل الإضافي( كوها) | |
| مصدر التصنيف او مخطط الترفيف | Dewey Decimal Classification |
| حالة التراجع | حالة الفقد | مصدر التصنيف او خطة الترفيف | حالة تلف | ليس للاعارة | مجموعات كوها | المكان الدائم | المكان الحالي | موقع الترفيف | تاريخ الاكتساب | Source of acquisition | رقم الاستدعاء | الباركود | Date last seen | نوع الوعاء |
|---|---|---|---|---|---|---|---|---|---|---|---|---|---|---|
| Dewey Decimal Classification | Donation-Gift | Central Library | Central Library | Second Floor | 17/11/2021 | Donation | 892.716 ح ل م | 000050987 | 15/07/2025 | NB - Book (Non borrowing) | ||||
| Dewey Decimal Classification | Donation-Gift | Central Library | Central Library | Second Floor | 17/11/2021 | Donation | 892.716 ح ل م | 000050988 | 15/07/2025 | NB - Book (Non borrowing) | ||||
| Dewey Decimal Classification | Donation-Gift | Central Library | Central Library | Second Floor | 17/11/2021 | Donation | 892.716 ح ل م | 000050989 | 15/07/2025 | Book - Borrowing | ||||
| Dewey Decimal Classification | Donation-Gift | Central Library | Central Library | Second Floor | 17/11/2021 | Donation | 892.716 ح ل م | 000050990 | 15/07/2025 | Book - Borrowing |